000 00424nam a2200133Ia 4500
008 220214s9999 xx 000 0 und d
100 _aCarman R.M.
245 4 _aThe Cardiac glycosides of Gomphocarpus fruticosus (R.Br.). IV. The nuclear magnetic resonance spectrum of comphoside
260 _bAmerican Journal of Chemistry
_c1964
300 _a573-577
700 _a6aCoombe R.G.
700 _a6aWatson T.R.
942 _cRE
999 _c45745
_d45745